Italien nach Bild - Statistiken

Allgemein
  • Dieses Quiz wurde 7.463 mal gespielt
  • Das Durchschnittsergebnis liegt bei 12 aus 18
Antwortstatistiken
Bildquiz Hint Antwort % Korrekt
Pizza
99%
(Autohersteller) Ferrari
93%
(Gebäude) Schiefer Turm von Pisa
92%
(Stadt) Venedig
90%
(Gebirge) Alpen
88%
(Gebäude) Kolosseum
87%
(Motorroller) Vespa
81%
(Künstler und Erfinder) Leonardo da Vinci
79%
(Vulkan) Vesuv
77%
(italienische Erfindung) Espresso
75%
Pasta
72%
(größter See) Gardasee
67%
(Automodell) Fiat {500}
61%
(Stadt) Turin
49%
(Gebäude) Pantheon
43%
(Opernsänger) Luciano Pavarotti
40%
(Schauspielerin) Sophia Loren
27%
(Kirche) Markusdom
16%
Keine übereinstimmenden Quizze gefunden
Verteilung der Resultate
Anzahl Personen mit jedem Resultat
Perzentil nach korrekt beantworteten Fragen
Ihre Resultats-Entwicklung
Sie haben dieses Quiz noch nicht gespielt